UBT Library

Aproximaciones al estudio de la literatura hispánica / (Record no. 39932)

000 -LEADER
fixed length control field 00768cam a22002294a 4500
001 - CONTROL NUMBER
control field 14864090
005 - DATE AND TIME OF LATEST TRANSACTION
control field 20180109075307.0
008 - FIXED-LENGTH DATA ELEMENTS--GENERAL INFORMATION
fixed length control field 070524s2008 maua 000 0 spa
010 ## - LIBRARY OF CONGRESS CONTROL NUMBER
LC control number 2007021902
020 ## - INTERNATIONAL STANDARD BOOK NUMBER
International Standard Book Number 9780073513157 (alk. paper)
020 ## - INTERNATIONAL STANDARD BOOK NUMBER
International Standard Book Number 0073513156 (alk. paper)
040 ## - CATALOGING SOURCE
Original cataloging agency DLC
Transcribing agency DLC
Modifying agency DLC
041 0# - LANGUAGE CODE
Language code of text/sound track or separate title spa
-- eng
080 ## - UNIVERSAL DECIMAL CLASSIFICATION NUMBER
Universal Decimal Classification number 860.9
082 00 - DEWEY DECIMAL CLASSIFICATION NUMBER
Classification number 860.9 VAL
Edition number 22
100 1# - Rafti
Rafti 21
101 ## - Shkurtesa
Shkurtesa GJL
245 10 - TITLE STATEMENT
Title Aproximaciones al estudio de la literatura hispánica /
Statement of responsibility, etc Carmelo Virgillo, L. Teresa Valdivieso, Edward H. Friedman.
906 ## - LOCAL DATA ELEMENT F, LDF (RLIN)
a 7
b cbc
c orignew
d 1
e ecip
f 20
g y-gencatlg
942 ## - ADDED ENTRY ELEMENTS (KOHA)
Source of classification or shelving scheme
Item type Books
Holdings
Withdrawn status Lost status Source of classification or shelving scheme Damaged status Not for loan Collection code Permanent location Current location Shelving location Date acquired Total Checkouts Full call number Barcode Date last seen Price effective from Koha item type
          Koleksioni i përgjithshem UBT - Lipjan UBT - Lipjan Koleksioni i përgjithshem 01/09/2018   860.9 VAL 002-2995222 01/09/2018 01/09/2018 Books
UBT Library © 2015-2024. All rights reserved University Education for Business and Technology